| 000 | 00557nam a22001937a 4500 | ||
|---|---|---|---|
| 003 | OSt | ||
| 005 | 20240227093848.0 | ||
| 008 | 180717t xxu||||| |||| 00| 0 eng d | ||
| 020 | _a9789699508356 | ||
| 040 | _c0 | ||
| 082 |
_a954914 _bPUN |
||
| 245 | 0 | 0 |
_aPunjab Cities Growth: _bAtlas (1995-015) |
| 260 | _c2015. | ||
| 300 | _a126p.; | ||
| 505 | _a194 Cities of Punjab -- Connectography -- Urban Expansion -- Cities'Profile | ||
| 651 |
_aPakistan _zPunjab. _9121362 |
||
| 942 |
_2ddc _cREF _aSADA _kREF 954.914 PUN 2015 |
||
| 999 |
_c608281 _d608281 |
||